000 00420nam a2200145 i 4500
001 104627
003 ES-MaACL
007 t|
008 051202s1981 sp ||||1| spa d
100 1 _aMink, H.
_981363
245 1 0 _aDiccionario técnico
_b: suplemento al tomo I. Alemán-español /
_cH. Mink.
260 _aBarcelona :
_bHerder,
_c1981.
300 _a4 h., 536 p. ;
_c21 cm.
852 _aES-MaACL
_jL-3423
_bR.104317
999 _c104627
_d104627